000 00955nam a22003017a 4500
001 5768
003 FISKH
005 20250121140651.0
008 250121b cb ||||| |||| 00| 0 eng d
020 _a9781840896206
040 _aFISKH
_beng
_cFISKH
_dFISKH
050 _aPZ7.W6885
082 _a823.92
100 _aWilson, Anna
_d(1970–)
245 _aTerry the flying turtle /
_cby Anna Wilson illustrated by Mike Gordon
250 _aThis edition published in 2010
260 _aLondon :
_bZero to Ten,
_c2004
300 _a27 pages :
_bcolor illustrations ;
_c27 cm.
505 _aE
520 _aNone of the other jungle animals believe that Terry the turtle will be able to fly, but he finds a way to realize his dream.
521 8 _a260
_bLexile
521 8 _aE
_bRaz-Plus
650 _2Animals
_aApple
650 _2First grade
_aMental health
700 _aGordon, Mike
_dillustrator
942 _2ddc
_cBK
_n0
999 _c5768
_d5768